[Event "Steyr Landesliga 1920"]
[Site "Austria"]
[Date "2019.09.28"]
[Round "1.8"]
[White "Wagner, Christian"]
[Black "Reisenhoffer, Maximilian"]
[Result "0-1"]
[WhiteElo "933"]
[BlackElo "1738"]
[PlyCount "22"]
[EventDate "2019.09.28"]
[EventType "team-tourn"]
[EventRounds "11"]
[EventCountry "AUT"]
[SourceTitle "CBM 193 Extra"]
[Source "ChessBase"]
[SourceDate "2020.01.31"]
[SourceVersion "1"]
[SourceVersionDate "2020.01.31"]
[SourceQuality "1"]
[WhiteTeam "Leoben"]
[BlackTeam "Gamlitz"]
[WhiteTeamCountry "AUT"]
[BlackTeamCountry "AUT"]

1. d4 Nf6 2. c4 g6 3. Nc3 d5 4. Bg5 Ne4 5. Nxe4 dxe4 6. e3 Bg7 7. c5 b6 8. b4 0-0 9. Rc1 Be6 10. Bc4 Bxc4 11. Rxc4 Qd5 0-1

[Event "Steyr Landesliga 1819"]
[Site "Austria"]
[Date "2018.10.13"]
[Round "2.8"]
[White "Wagner, Christian"]
[Black "Ellmer, Lukas"]
[Result "0-1"]
[WhiteElo "874"]
[BlackElo "1453"]
[PlyCount "57"]
[EventDate "2018.10.06"]
[EventType "team-tourn"]
[EventRounds "11"]
[EventCountry "AUT"]
[SourceTitle "CBM 187 Extra"]
[Source "ChessBase"]
[SourceDate "2018.11.04"]
[SourceVersion "1"]
[SourceVersionDate "2018.11.04"]
[SourceQuality "1"]
[WhiteTeam "Leoben"]
[BlackTeam "Pinggau Friedberg"]
[WhiteTeamCountry "AUT"]
[BlackTeamCountry "AUT"]

1. e4 d6 2. d4 Nf6 3. Nc3 Nbd7 4. Nf3 e5 5. dxe5 dxe5 6. Be2 Bb4 7. Bd2 0-0 8. 0-0 c6 9. a3 Be7 10. Be3 Qc7 11. Qd3 Rd8 12. Qc4 Nb6 13. Bxb6 axb6 14. Nb5 Qb8 15. Nc3 Be6 16. Nd5 cxd5 17. exd5 Bxd5 18. Qc3 Bxf3 19. Qxf3 e4 20. Qe3 Bc5 21. Qb3 Qe5 22. Rad1 Rd6 23. Rxd6 Bxd6 24. g3 Bc5 25. Bb5 e3 26. fxe3 Qxe3+ 27. Qxe3 Bxe3+ 28. Kg2 Rd8 29. Kf3 0-1

[Event "SUI-chT"]
[Site "Switzerland"]
[Date "2018.06.10"]
[Round "4.8"]
[White "Cvitan, Ognjen"]
[Black "Wagner, Christian"]
[Result "1-0"]
[WhiteElo "2442"]
[BlackElo "2241"]
[PlyCount "123"]
[EventDate "2018.03.25"]
[EventType "team-tourn"]
[EventRounds "9"]
[EventCountry "SUI"]
[SourceTitle "EXT 2019"]
[Source "ChessBase"]
[SourceDate "2018.10.10"]
[SourceVersion "1"]
[SourceVersionDate "2018.10.10"]
[SourceQuality "1"]
[WhiteTeam "Riehen"]
[BlackTeam "Reti"]
[WhiteTeamCountry "SUI"]
[BlackTeamCountry "SUI"]

1. d4 Nf6 2. c4 c5 3. d5 b5 4. Nd2 g6 5. e4 d6 6. Ngf3 Bg7 7. Bd3 0-0 8. 0-0 bxc4 9. Nxc4 e5 10. dxe6 Bxe6 11. Bf4 d5 12. exd5 Qxd5 13. Ne3 Qb7 14. Qc2 Nc6 15. Qxc5 Nb4 16. Qb5 Qxb5 17. Bxb5 Nfd5 18. Nxd5 Nxd5 19. Be5 Bxe5 20. Nxe5 Rab8 21. a4 Nc7 22. Nc6 Rb7 23. Bd3 Rxb2 24. Nxa7 Rd8 25. Be4 Rd4 26. Bf3 Bd5 27. Nc6 Bxc6 28. Bxc6 Rdd2 29. Rad1 Rdc2 30. Rc1 Rd2 31. h3 Kg7 32. Ra1 Kf6 33. a5 Ra2 34. Bb7 Kg7 35. Rxa2 Rxa2 36. Rc1 Nb5 37. Rc5 Nd6 38. Bd5 Ra1+ 39. Kh2 Kf6 40. f4 h5 41. Kg3 Ra3+ 42. Kf2 h4 43. Ke2 Ra4 44. Kd3 Rxf4 45. Kc3 Ne4+ 46. Bxe4 Rxe4 47. Rc4 Re3+ 48. Kb4 Re2 49. a6 Rxg2 50. Ka5 Re2 51. a7 Re8 52. Rf4+ Kg7 53. Rxh4 f5 54. Rb4 Ra8 55. Ka6 Kf6 56. Rb8 Rxa7+ 57. Kxa7 g5 58. Rg8 f4 59. Kb6 Kf5 60. Kc5 f3 61. Kd4 Kf4 62. Rf8+ 1-0

[Event "Oberliga Ost-A 0809"]
[Site "Germany"]
[Date "2009.03.01"]
[Round "8.1"]
[White "Lechtynsky, Jiri"]
[Black "Wagner, Christian"]
[Result "1-0"]
[WhiteElo "2441"]
[BlackElo "2215"]
[PlyCount "103"]
[EventDate "2008.10.12"]
[EventType "team-tourn"]
[EventRounds "11"]
[EventCountry "GER"]
[SourceTitle "EXT 2010"]
[Source "ChessBase"]
[SourceDate "2010.11.25"]
[SourceVersion "1"]
[SourceVersionDate "2010.11.25"]
[SourceQuality "1"]
[WhiteTeam "Hoyerswerda"]
[BlackTeam "Magdeburg Rochade"]
[WhiteTeamCountry "GER"]
[BlackTeamCountry "GER"]

1. d4 c5 2. d5 e5 3. e4 d6 4. Nc3 a6 5. a4 g6 6. g3 Bg7 7. Bh3 Bxh3 8. Nxh3 Qd7 9. Ng1 Ne7 10. Nf3 0-0 11. 0-0 Qc7 12. a5 Nd7 13. Qe2 h6 14. Nd2 Kh7 15. Nc4 f5 16. f3 f4 17. g4 Bf6 18. Bd2 Bh4 19. Na4 Rf7 20. Kh1 Rh8 21. b4 Nc8 22. Rab1 cxb4 23. Bxb4 h5 24. g5 Bxg5 25. Rb3 Rd8 26. Rfb1 Nf6 27. Ba3 Qb8 28. Ncb6 Ne8 29. Nxc8 Qxc8 30. c4 Bh6 31. c5 Bf8 32. Qb2 Qh3 33. Qg2 Qc8 34. Qb2 Qh3 35. Qg2 Qc8 36. Nb6 Qc7 37. Nc4 Qc8 38. Rb6 Rg7 39. Qb2 Rdd7 40. c6 bxc6 41. Rb8 Qc7 42. Rxe8 cxd5 43. Nb6 Rd8 44. Nxd5 Qc8 45. Rxf8 Rxf8 46. Bxd6 Rd8 47. Bxe5 Rf7 48. Nf6+ Kh6 49. Bxf4+ g5 50. Bxg5+ Kxg5 51. Qe5+ Kh6 52. Rg1 1-0

[Event "Oberliga Ost-A 0809"]
[Site "Germany"]
[Date "2009.01.31"]
[Round "6.3"]
[White "Hillmann, Michael"]
[Black "Wagner, Christian"]
[Result "1/2-1/2"]
[WhiteElo "2116"]
[BlackElo "2215"]
[PlyCount "60"]
[EventDate "2008.10.12"]
[EventType "team-tourn"]
[EventRounds "11"]
[EventCountry "GER"]
[SourceTitle "EXT 2010"]
[Source "ChessBase"]
[SourceDate "2010.11.25"]
[SourceVersion "1"]
[SourceVersionDate "2010.11.25"]
[SourceQuality "1"]
[WhiteTeam "Sangerhausen"]
[BlackTeam "Magdeburg Rochade"]
[WhiteTeamCountry "GER"]
[BlackTeamCountry "GER"]

1. d4 e6 2. Nf3 c5 3. c3 Nf6 4. Bg5 b6 5. e3 Bb7 6. Nbd2 Nc6 7. Bd3 Be7 8. Qe2 d5 9. 0-0 0-0 10. Rfe1 Nd7 11. Bxe7 Qxe7 12. dxc5 Nxc5 13. e4 Nxd3 14. Qxd3 dxe4 15. Nxe4 Rad8 16. Qe2 e5 17. Ng3 f6 18. Rad1 Qe6 19. b3 Ne7 20. Rxd8 Rxd8 21. Rd1 Rxd1+ 22. Qxd1 Kf7 23. Ne1 g6 24. Ne2 Qd5 25. Qc1 Nf5 26. Ng3 Nxg3 27. hxg3 a5 28. Qe3 Qe4 29. Qd2 Qd5 30. Qe3 Qe4 1/2-1/2

[Event "Rilton Cup 38th"]
[Site "Stockholm"]
[Date "2008.12.27"]
[Round "1"]
[White "Wagner, Christian"]
[Black "Tikkanen, Hans"]
[Result "0-1"]
[WhiteElo "2215"]
[BlackElo "2415"]
[PlyCount "102"]
[EventDate "2008.12.27"]
[EventType "swiss"]
[EventRounds "9"]
[EventCountry "SWE"]
[SourceTitle "CBM 128 Extra"]
[Source "ChessBase"]
[SourceDate "2009.03.05"]
[SourceVersion "2"]
[SourceVersionDate "2009.03.25"]
[SourceQuality "1"]

1. d4 d5 2. c4 e5 3. dxe5 d4 4. Nf3 Nc6 5. g3 Nge7 6. Bg2 Ng6 7. Bg5 Qd7 8. e3 h6 9. Bf4 dxe3 10. Qxd7+ Bxd7 11. Bxe3 Nb4 12. Na3 Nd3+ 13. Ke2 0-0-0 14. Nb5 a6 15. Nbd4 Ndxe5 16. Rhc1 c5 17. Nxe5 Nxe5 18. Nf3 Ng4 19. h3 Nxe3 20. fxe3 g5 21. Rc2 Bf5 22. Rd2 Bg7 23. Rad1 b6 24. g4 Be6 25. Rxd8+ Rxd8 26. Rxd8+ Kxd8 27. b3 f5 28. gxf5 Bxf5 29. Nd2 Kd7 30. e4 Bg6 31. Nf1 Bd4 32. Ng3 Ke6 33. Nf5 h5 34. Nxd4+ cxd4 35. Kd3 Ke5 36. b4 Be8 37. a3 Bd7 38. Bf1 Bc6 39. Bg2 Bd7 40. Bf1 h4 41. Bg2 g4 42. hxg4 Bxg4 43. Kd2 h3 44. Bh1 Kf4 45. c5 bxc5 46. bxc5 Bd7 47. Kd3 Ke5 48. Kd2 Bb5 49. Bf3 Kf4 50. Bh1 a5 51. Kd1 Ke3 0-1

[Event "Oberliga Ost-A 0708"]
[Site "Germany"]
[Date "2008.03.09"]
[Round "8.2"]
[White "Braun, Gottfried"]
[Black "Wagner, Christian"]
[Result "1/2-1/2"]
[WhiteElo "2315"]
[BlackElo "2224"]
[PlyCount "133"]
[EventDate "2007.09.23"]
[EventType "team-tourn"]
[EventRounds "11"]
[EventCountry "GER"]
[SourceTitle "EXT 2009"]
[Source "ChessBase"]
[SourceDate "2008.11.26"]
[SourceVersion "1"]
[SourceVersionDate "2008.11.26"]
[SourceQuality "1"]
[WhiteTeam "Leipzig Lok II"]
[BlackTeam "Magdeburg Rochade"]
[WhiteTeamCountry "GER"]
[BlackTeamCountry "GER"]

1. e4 c5 2. c3 d6 3. d4 Nf6 4. Bd3 Nc6 5. Nf3 Bg4 6. d5 Nb8 7. h3 Bxf3 8. Qxf3 g6 9. 0-0 Bg7 10. Nd2 0-0 11. a4 Nbd7 12. Nc4 Qc7 13. Bf4 Ne5 14. Nxe5 dxe5 15. Bg5 c4 16. Bc2 h6 17. Be3 e6 18. dxe6 fxe6 19. Qe2 Nh5 20. g3 b6 21. Rfd1 Kh7 22. Qg4 Qe7 23. Rd2 Rfd8 24. Rad1 Rxd2 25. Rxd2 Nf6 26. Qd1 Rc8 27. g4 Rc7 28. f3 Nd7 29. Kg2 Bf8 30. Bf2 Qf7 31. Bg3 Bc5 32. Qe2 Be7 33. h4 g5 34. h5 Kg7 35. Rd1 Bf6 36. Bb1 a6 37. Bc2 Qe7 38. Qd2 Kf7 39. Bf2 Qf8 40. Be3 Qc8 41. Qf2 Qb7 42. Qd2 Qc6 43. Qd6 Qxd6 44. Rxd6 Be7 45. Rd1 Bc5 46. Bd2 Nb8 47. Kf1 Rd7 48. Ke2 Nc6 49. Rb1 Na5 50. Be1 Ke7 51. Bg3 Bd6 52. Bf2 Bc5 53. Bg3 Bd6 54. Rd1 Bc7 55. Rxd7+ Kxd7 56. Bf2 Kc6 57. Be3 Bd8 58. Kd1 Be7 59. Kc1 Bc5 60. Bd2 Bf8 61. Kb1 Be7 62. Bd1 Bf8 63. Be2 Kb7 64. b4 cxb3 65. Kb2 Bc5 66. Bd3 Ka7 67. Be2 1/2-1/2

[Event "GER-chT U12"]
[Site "Verden an der Aller"]
[Date "2007.12.30"]
[Round "7.3"]
[White "Wagner, Christian"]
[Black "Holle, Cedric"]
[Result "1/2-1/2"]
[WhiteElo "1451"]
[BlackElo "1261"]
[PlyCount "79"]
[EventDate "2007.12.27"]
[EventType "team-swiss"]
[EventRounds "7"]
[EventCountry "GER"]
[SourceTitle "EXT 2009"]
[Source "ChessBase"]
[SourceDate "2008.11.26"]
[SourceVersion "1"]
[SourceVersionDate "2008.11.26"]
[SourceQuality "1"]
[WhiteTeam "Berlin TuS Makkabi U12"]
[BlackTeam "Heusweiler SC Reti U12"]
[WhiteTeamCountry "GER"]
[BlackTeamCountry "GER"]

1. e4 e5 2. Nf3 Nc6 3. d4 exd4 4. Bc4 Nf6 5. 0-0 Bc5 6. e5 Ng4 7. Bxf7+ Kxf7 8. Ng5+ Kg8 9. Qxg4 Nxe5 10. Qe4 d6 11. Qd5+ Kf8 12. f4 Qf6 13. Ne4 c6 14. Nxf6 cxd5 15. Nxd5 Ng4 16. Rf3 d3+ 17. Be3 Nxe3 18. Nxe3 Bg4 19. Rg3 Re8 20. Kf2 dxc2 21. Nc3 d5 22. Ncxd5 h5 23. h3 Bd1 24. Kf1 Bxe3 25. Nxe3 Rd8 26. Ke1 Kf7 27. Rg5 Rhe8 28. Rf5+ Kg6 29. Rg5+ Kh6 30. Re5 Rxe5 31. fxe5 Kg5 32. Nxd1 cxd1Q+ 33. Rxd1 Rxd1+ 34. Kxd1 Kf5 35. Ke2 Kxe5 36. Ke3 g5 37. g4 hxg4 38. hxg4 b5 39. b4 Kd5 40. Kd3 1/2-1/2

[Event "GER North-chT U16"]
[Site "Magdeburg"]
[Date "2006.08.26"]
[Round "1.4"]
[White "Wagner, Christian"]
[Black "Mauser, Tassilo Tino"]
[Result "1-0"]
[WhiteElo "1204"]
[BlackElo "857"]
[PlyCount "81"]
[EventDate "2006.08.26"]
[EventType "team"]
[EventRounds "7"]
[EventCountry "GER"]
[SourceTitle "EXT 2007"]
[Source "ChessBase"]
[SourceDate "2006.11.23"]
[SourceVersion "1"]
[SourceVersionDate "2006.11.23"]
[SourceQuality "1"]

1. e4 e5 2. Nf3 Nc6 3. Bc4 Nf6 4. Nc3 h6 5. d3 Bc5 6. 0-0 d6 7. h3 0-0 8. Be3 Bxe3 9. fxe3 Be6 10. Bb3 a6 11. d4 Bxb3 12. axb3 a5 13. Qe2 b6 14. Rfd1 Qe7 15. Qc4 exd4 16. Nxd4 Nxd4 17. Qxd4 c5 18. Qxd6 Qxd6 19. Rxd6 Rae8 20. Rxb6 Nxe4 21. Nxe4 Rxe4 22. Rxa5 Rxe3 23. Rxc5 Re1+ 24. Kf2 Rb1 25. Rbc6 Rxb2 26. Rc8 Ra2 27. Rxf8+ Kxf8 28. Ke2 Ra8 29. b4 g5 30. Ra5 Rc8 31. Kd2 f6 32. b5 Ke7 33. Kd3 Kd7 34. c4 Kc7 35. Kd4 h5 36. Ra6 g4 37. Rxf6 Rd8+ 38. Kc5 Rd2 39. b6+ Kb7 40. Rf7+ Ka6 41. Ra7# 1-0

[Event "Berlin op 08"]
[Site "Berlin"]
[Date "2005.08.27"]
[Round "2"]
[White "Schlesier, Tim"]
[Black "Wagner, Christian"]
[Result "1-0"]
[WhiteElo "892"]
[BlackElo "849"]
[PlyCount "115"]
[EventDate "2005.08.27"]
[EventType "swiss"]
[EventRounds "7"]
[EventCountry "GER"]
[SourceTitle "EXT 2007"]
[Source "ChessBase"]
[SourceDate "2006.11.23"]
[SourceVersion "1"]
[SourceVersionDate "2006.11.23"]
[SourceQuality "1"]

1. e4 e5 2. Nf3 Nc6 3. Bb5 Nf6 4. Nc3 Bc5 5. h3 0-0 6. 0-0 a6 7. Bxc6 dxc6 8. d3 h6 9. Nxe5 Bd4 10. Nf3 Bxc3 11. bxc3 Nh5 12. Re1 Qf6 13. Bd2 Qg6 14. Nh4 Qf6 15. Qxh5 Qd6 16. Nf5 Bxf5 17. exf5 Qf6 18. Qg4 Rad8 19. Qg3 Rd5 20. d4 Rxf5 21. Rf1 c5 22. Rae1 cxd4 23. cxd4 Rd5 24. Qf4 Qxf4 25. Bxf4 Rxd4 26. Bxc7 Rc4 27. Bd6 Rfc8 28. Rc1 Rxc2 29. Rxc2 Rxc2 30. Ra1 Rc4 31. Rb1 b5 32. a3 Rd4 33. Bb4 g5 34. Rc1 g4 35. hxg4 Rxg4 36. Rc6 h5 37. Rxa6 h4 38. Kf1 f5 39. Rf6 f4 40. f3 Rg7 41. Rxf4 Rh7 42. Rg4+ Kf7 43. Rg5 h3 44. gxh3 Rxh3 45. Kf2 Rh4 46. Rxb5 Ke6 47. a4 Kd7 48. a5 Kc6 49. Rb6+ Kc7 50. Bc5 Ra4 51. a6 Ra2+ 52. Kg3 Ra5 53. Bf2 Ra4 54. f4 Ra3+ 55. Kg4 Ra5 56. f5 Rd5 57. a7 Ra5 58. Rb8 1-0